| 000 | 01472nam a22003737a 4500 | ||
|---|---|---|---|
| 003 | CHAP | ||
| 005 | 20220329143539.0 | ||
| 008 | 100512s2009 mx a r 00010 spa d | ||
| 010 | _a98379 | ||
| 011 | _a99351 | ||
| 035 | _a110037 | ||
| 040 | _cCHAP | ||
| 090 | _aTesis | ||
| 100 | 1 |
_aGutiérrez Suárez, Mark Oscar. _951842 |
|
| 245 | 1 | 0 |
_aAcciones de la PROFEPA para la conservación de los recursos forestales maderables en el Estado de México _c/por Mark Oscar Gutiérrez Suárez |
| 260 |
_aChapingo, Méx. : _bEl autor, _c2009 |
||
| 300 |
_a102 h. : _bcuadros, gráfs. |
||
| 502 | _aTesis (Ing. en Agroecología) -- UACH. departamento de Agroecología | ||
| 530 | _aTambién disponible en línea | ||
| 590 |
_aALEPH _b10 _c20130110 _lUCH01 _h1534 |
||
| 590 |
_aBATCH-UPD _b10 _c20130110 _lUCH01 _h1508 |
||
| 590 |
_aBATCH-UPD _b10 _c20130410 _lUCH01 _h0926 |
||
| 590 |
_aBATCH-UPD _b10 _c20130914 _lUCH01 _h1558 |
||
| 590 |
_aBATCH-UPD _b10 _c20140324 _lUCH01 _h1517 |
||
| 590 |
_aBATCH-UPD _b10 _c20141002 _lUCH01 _h0843 |
||
| 590 |
_aCONVERSION _b10 _c20130109 _lUCH01 _h1354 |
||
| 650 | 1 | 4 |
_aRecursos forestales _xConservación. _995044 |
| 650 | 1 | 4 |
_aRecursos forestales _xMéxico (Edo.) _995055 |
| 856 |
_3Finding aid _uhttp://10.13.5.2/tesis/110037.pdf _zTeclea aqui |
||
| 901 | _aBK | ||
| 942 | _cFOLL | ||
| 949 |
_aTesis _bBC _cTES _d33724002116033 _eTS1 _gDonaciØn _h50478 _i110037 _sb |
||
| 949 |
_aTesis _bBC _cTES _d33724002116074 _eTS2 _fc.2 _gDonaciØn _h50479 _i110037 _sb |
||
| 999 |
_c98379 _d98379 |
||